True or False Blitz: Africa Quiz Stats

 Plays Quiz Updated May 27, 2019

Score 0/20 Timer 02:00
1 Play Today
Question Answer Wrong Answers
ISLANDS: Madagascar is the largest island in Africa. True
91.1%
False
4%
LANGUAGE: The official language of Mali is French. True
87.5%
False
7.5%
COUNTRIES: South Sudan gained its independence in 2011. True
81.8%
False
13.1%
POPULATION: More than one billion people live in Africa. True
75.9%
False
19.1%
SEAS: Djibouti borders the Red Sea. True
74.3%
False
20.6%
SPORT: The Summer Olympics have been held in Africa. False
72.2%
True
22.8%
FAMOUS PEOPLE: Chinua Achebe was Nigerian. True
70.9%
False
23.9%
CONTINENTS: Mainland Africa extends further South than mainland South America. False
70.1%
True
24.6%
CAPITAL CITIES: Conakry is the capital city of Guinea. True
67.5%
False
27.3%
BORDERS: Zambia borders Angola. True
62.2%
False
32.9%
SOUTH AFRICA: Cape Town is the largest city in South Africa. False
61.6%
True
33.4%
RIVERS: The two major tributaries of the Nile are the White Nile and the Red Nile. False
60.3%
True
34.6%
INDEPENDENCE: Togo gained independence from Germany. False
59.3%
True
35.6%
AGRICULTURE: Côte d'Ivoire is the world's largest producer of cocoa. True
55.7%
False
39.2%
POLITICS: The political center of the African Union is Kinshasa. False
53.5%
True
41.3%
RELIGION: The most common religion in Mauritius is Hinduism. True
53%
False
41.8%
FLAGS: Gabon's flag contains only two colors. False
50.2%
True
44.8%
COUNTRY NAMES: The country formerly known as Zaire is now known as the Republic of Congo. False
49.6%
True
45.4%
CAPITAL CITIES: The capital of Liberia is Freetown. False
48.2%
True
46.9%
LANDFORMS: Victoria Falls lies on the border of Kenya and Tanzania False
41.2%
True
53.8%

You're not logged in!

Compare scores with friends on all Sporcle quizzes.
OR
Log In

Sporcle TV

Today on Sporcle TV


Watch our educational content, quiz creation guides, and fun videos on Sporcle TV.

Show Comments

Extras

Top Quizzes Today


Score Distribution

Your Account Isn't Verified!

In order to create a playlist on Sporcle, you need to verify the email address you used during registration. Go to your Sporcle Settings to finish the process.

Report this User

Report this user for behavior that violates our Community Guidelines.

Details: